| 000 | 00356nam a2200133Ia 4500 | ||
|---|---|---|---|
| 005 | 20260328101458.0 | ||
| 008 | 260328s9999||||xx |||||||||||||| ||und|| | ||
| 100 | _aCarrasquilla Botero, Juan | ||
| 245 | 0 |
_aLa Dehesa de Bogotá o Hacienda del Novillero / _cJuan Carrasquilla Botero |
|
| 260 | _bCINEP | ||
| 300 | _a124 p. | ||
| 650 | _aHISTORIA | ||
| 942 | _cBK | ||
| 999 |
_c8893 _d8893 |
||